000 01730cam a22004814i 4500
003 PE-LiUPU
005 20250731173549.0
008 150616s r 000 0 d
020 _a0891308814
035 _a(Sirsi) i9780891308812
040 _aPE-LiUPU
_bspa
_cPE-LiUPU
_erda
049 _aPRUA
082 0 4 _a226.0904
_bN58
_221
100 1 _aJay Epp, Eldon,
_eautor.
245 1 4 _aThe New Testament and Its Modern Interpreters /
_cEldon Jay Epp.
264 1 _aAtlanta, Georgia :
_bScholars Press,
_c1989.
300 _a601 páginas ;
_c24 centímetros
336 _atext
_2rdacontent
337 _aunmediated
_2rdamedia
338 _avolume
_2rdacarrier
490 0 _aSBC The Bible and its modern interpreters ;
_v3
504 _aBibliografía: páginas525-564.
505 0 _aThe world of the new testament.- Methods of new Testament.- scholarship- The literature of the new testament.- New testament interpretation.
526 _aSEG42
526 _aSEG41
526 _aSEG40
526 _aSEG39
526 _aP94
526 _aP87
526 _aP86
526 _aP85
526 _aP77
526 _aP76
526 _aP35
630 _aBiblia.
_pN.T.
_pEvangelios
_xCrítica, interpretación, etc.
_ySiglo XX.
910 _ajck
_bjvq
_cjck
942 _2ddc
_cBOOK
949 _a226.0904 N58
_wDEWEY
_c1
_i43002
_lCCODEBUL1
_mBUL
_r0
_sY
_tBOOK
_u2015-6-16
_xTEOLOGIA
_zUNKNOWN
_0COMPRA
_o.STAFF. Colección General
994 _aC0
_bPEPRU
596 _a1
999 _a226.0904 N58
_wDEWEY
_c60974
_i43002
_f2021-11-9
_g5
_lCCODEBUL1
_mBUL
_r0
_sY
_tBOOK
_u2015-6-16
_xTEOLOGIA
_zUNKNOWN
_0COMPRA
_o.STAFF. Colección General
_d60974
980 _81
_gALBERTO SANCHEZ Responsable de Automatización